00390cam a2200157ua 450000100060000000800390000602000180004504000090006308200080007210000260008024500280010625000130013426000470014730000100019465300280020410737190330n ii |||gr||||Z||||||eng a9789352021710 cMAIN a337 aD M Mithani,eAuthor. aInternational economics a8th rev. aMumbai:bHimalaya publishing house,c2017. a623p. aInternational economics